| 000 -LEADER |
| fixed length control field |
00828cam a2200217 a 4500 |
| 003 - CONTROL NUMBER IDENTIFIER |
| control field |
OSt |
| 005 - DATE AND TIME OF LATEST TRANSACTION |
| control field |
20260312125958.0 |
| 008 - FIXED-LENGTH DATA ELEMENTS--GENERAL INFORMATION |
| fixed length control field |
870805s1987 nyua 000 0 eng |
| 020 ## - INTERNATIONAL STANDARD BOOK NUMBER |
| International Standard Book Number |
9780486253329 |
| Qualifying information |
(pbk.) |
| 082 00 - DEWEY DECIMAL CLASSIFICATION NUMBER |
| Classification number |
711/.4/0904 |
| Edition number |
19 |
| 100 0# - MAIN ENTRY--PERSONAL NAME |
| Personal name |
Le Corbusier, |
| Dates associated with a name |
1887-1965. |
| 240 10 - UNIFORM TITLE |
| Uniform title |
<a href="Urbanisme.">Urbanisme.</a> |
| Language of a work |
English |
| 245 14 - TITLE STATEMENT |
| Title |
The city of to-morrow and its planning / |
| Statement of responsibility, etc |
by Le Corbusier ; translated from the 8th French edition of Urbanisme and with an introduction by Frederick Etchells. |
| 260 ## - PUBLICATION, DISTRIBUTION, ETC. (IMPRINT) |
| Place of publication, distribution, etc |
New York : |
| Name of publisher, distributor, etc |
Dover, |
| Date of publication, distribution, etc |
1987. |
| 300 ## - PHYSICAL DESCRIPTION |
| Extent |
xxvii, 301 p. : |
| Other physical details |
ill. ; |
| Dimensions |
25 cm. |
| 500 ## - GENERAL NOTE |
| General note |
Translation of: Urbanisme. |
| 650 #0 - SUBJECT ADDED ENTRY--TOPICAL TERM |
| Topical term or geographic name as entry element |
City planning |
| General subdivision |
Forecasting. |
| 650 #0 - SUBJECT ADDED ENTRY--TOPICAL TERM |
| Topical term or geographic name as entry element |
City planning |
| General subdivision |
History |
| Chronological subdivision |
20th century. |
| 856 42 - ELECTRONIC LOCATION AND ACCESS |
| Materials specified |
Publisher description |
| Uniform Resource Identifier |
<a href="http://www.loc.gov/catdir/description/dover032/86024342.html">http://www.loc.gov/catdir/description/dover032/86024342.html</a> |
| 942 ## - ADDED ENTRY ELEMENTS (KOHA) |
| Source of classification or shelving scheme |
|